UM Logo

Creation : (Record no. 4713)

MARC details
000 -LEADER
fixed length control field 01806cam a22003014a 4500
001 - CONTROL NUMBER
control field 12331326
005 - DATE AND TIME OF LATEST TRANSACTION
control field 20160920105159.0
008 - FIXED-LENGTH DATA ELEMENTS--GENERAL INFORMATION
fixed length control field 010301t20012000maua b 001 0 eng
010 ## - LIBRARY OF CONGRESS CONTROL NUMBER
LC control number 2001024165
020 ## - INTERNATIONAL STANDARD BOOK NUMBER
International Standard Book Number 0-674-006542 (alk. paper)
040 ## - CATALOGING SOURCE
Original cataloging agency DLC
Transcribing agency DLC
Modifying agency DLC
042 ## - AUTHENTICATION CODE
Authentication code pcc
050 00 - LIBRARY OF CONGRESS CALL NUMBER
Classification number QH324.2
Item number .G73 2001
082 00 - DEWEY DECIMAL CLASSIFICATION NUMBER
Classification number DC 570.113
Edition number 2000
Item number G75c
100 1# - MAIN ENTRY--PERSONAL NAME
Personal name Grand, Steve.
245 10 - TITLE STATEMENT
Title Creation :
Remainder of title life and how to make it /
Statement of responsibility, etc. Steve Grand.
260 ## - PUBLICATION, DISTRIBUTION, ETC. (IMPRINT)
Place of publication, distribution, etc. Cambridge, Mass. :
Name of publisher, distributor, etc. Harvard University Press,
Date of publication, distribution, etc. 2001, c2000.
300 ## - PHYSICAL DESCRIPTION
Extent x, 230 pages :
Other physical details illustrations ;
Dimensions 24 cm.
504 ## - BIBLIOGRAPHY, ETC. NOTE
Bibliography, etc Includes bibliographical references (p. [219]-220).
505 8# - FORMATTED CONTENTS NOTE
Formatted contents note Machine generated contents note: 1 Failing the test 12 -- 2 Lies, damned lies and linguistics 22 -- 3 A guide to the intangible 33 -- 4 Levels of being and the general scheme of things 42 -- 5 The importance of being emergent 61 -- 6 Looking-glass worlds 70 -- 7 They call me Legion; for I am many 84 -- 8 On the balance of nature 98 -- 9 God's Lego set 120 -- 10 The whole iguana 134 -- 11 Igor, hand me that screwdriver 146 -- 12 I am Ron's brain 158 -- 13 Three parts gin to one of vermouth 174 -- 14 Taking over the world 195 -- 15 Vapourware 205.
650 #0 - SUBJECT ADDED ENTRY--TOPICAL TERM
Topical term or geographic name as entry element Biological systems
General subdivision Computer simulation.
650 #0 - SUBJECT ADDED ENTRY--TOPICAL TERM
Topical term or geographic name as entry element Artificial intelligence.
650 #0 - SUBJECT ADDED ENTRY--TOPICAL TERM
Topical term or geographic name as entry element Artificial life.
856 41 - ELECTRONIC LOCATION AND ACCESS
Materials specified Table of contents
Uniform Resource Identifier <a href="http://www.loc.gov/catdir/toc/fy031/2001024165.html">http://www.loc.gov/catdir/toc/fy031/2001024165.html</a>
906 ## - LOCAL DATA ELEMENT F, LDF (RLIN)
a 7
b cbc
c orignew
d 1
e ocip
f 20
g y-gencatlg
942 ## - ADDED ENTRY ELEMENTS (KOHA)
Source of classification or shelving scheme Dewey Decimal Classification
Koha item type Circulation
Holdings
Withdrawn status Lost status Source of classification or shelving scheme Damaged status Not for loan Collection code Home library Current library Date acquired Source of acquisition Total Checkouts Full call number Barcode Date last seen Price effective from Koha item type
    Dewey Decimal Classification     Circulation UM Digos College - LIC UM Digos College - LIC 05/30/2011 Donated   DC 570.113 G75c 2000 21534 05/15/2025 09/20/2016 Circulation